[Event "37th Andorra Open 2019"]
[Site "Caldea"]
[Date "2019.07.30"]
[Round "3.2"]
[White "Peralta, Fernando"]
[Black "Fluvia Poyatos, Jordi"]
[Result "1/2-1/2"]
[WhiteElo "2562"]
[BlackElo "2455"]
[Annotator "RC"]
[PlyCount "42"]
[EventDate "2018.07.21"]
[EventType "swiss"]
[EventCountry "AND"]
[TimeControl "40/5400+30:1800+30"]

1. d4 {[%emt 0:00:00]} Nf6 {[%emt 0:00:00]} 2. c4 {[%emt 0:00:00]} g6 {[%emt 0:00:06]} 3. Nc3 {[%emt 0:00:00]} d5 {[%emt 0:00:14]} 4. cxd5 {[%emt 0:00:12]} Nxd5 {[%emt 0:00:11]} 5. e4 {[%emt 0:00:06]} Nxc3 {[%emt 0:00:07]} 6. bxc3 {[%emt 0:00:04]} Bg7 {[%emt 0:00:14]} 7. Bc4 {[%emt 0:00:26]} c5 {[%emt 0:00:27]} 8. Ne2 {[%emt 0:00:09]} O-O {[%emt 0:00:31]} 9. O-O {[%emt 0:00:06]} Nc6 {[%emt 0:00:06]} 10. Be3 {[%emt 0:00:05]} Qc7 {[%emt 0:01:01]} 11. Rc1 {[%emt 0:01:03]} Rd8 {[%emt 0:00:22]} 12. Bf4 {[%emt 0:01:07]} e5 {[%emt 0:00:55]} 13. Bg5 {[%emt 0:02:44]} Rd6 {[%emt 0:01:10]} 14. d5 {[%emt 0:11:04]} Na5 {[%emt 0:00:57]} 15. Bd3 {[%emt 0:00:30]} c4 {[%emt 0:00:38]} 16. Bc2 {[%emt 0:00:52]} b5 {[%emt 0:04:27]} 17. Rb1 {[%emt 0:09:55]} Bd7 {[%emt 0:07:08]} 18. f4 {[%emt 0:09:48]} f6 {[%emt 0:03:28]} 19. fxe5 {[%emt 0:01:25]} fxe5 {[%emt 0:00:09]} 20. Qe1 {[%emt 0:05:36]} Nb7 {[%emt 0:03:09]} 21. Be7 {[%emt 0:17:57]} Ra6 {[%emt 0:01:37]} 1/2-1/2

[Event "37th Andorra Open 2019"]
[Site "Caldea"]
[Date "2019.07.31"]
[Round "3.3"]
[White "Aloma Vidal, Robert"]
[Black "Vavulin, Maxim"]
[Result "1-0"]
[WhiteElo "2419"]
[BlackElo "2561"]
[Annotator "TA"]
[PlyCount "129"]
[EventDate "2018.07.21"]
[EventType "swiss"]
[EventCountry "AND"]

{[%evp 11,129,27,26,25,41,36,33,39,38,14,34,38,53,55,62,62,77,52,100,42,91,57,57,49,58,21,67,57,89,92,142,86,93,91,91,93,81,74,68,41,51,70,59,34,52,21,15,0,0,0,0,-16,-16,-15,0,0,8,6,10,5,8,0,64,62,67,47,38,27,134,121,122,130,211,217,227,220,181,179,266,281,328,327,317,297,304,252,301,296,397,381,493,493,2795,3013,2172,2346,29954,29956,29976,29977,29976,29977,29957,5638,5638,5577,29957,29962,5589,4933,29970,29966,29969,29969,29972,29970,29981,29982,29984,29985]} 1. Nf3 Nf6 2. c4 c5 3. g3 Nc6 4. Bg2 e5 5. Nc3 g6 6. O-O Bg7 7. d3 {A38: Symmetrical English vs ...g6: 4 Bg2 Bg7 5 Nf3 Nf6} h6 8. Ne1 (8. a3 d6 9. Ne1 O-O 10. Nc2 Rb8 11. b4 Nd4 12. Rb1 b6 13. Ne3 Kh7 14. h3 Bd7 {1-0 (78) Goganov,A (2563)-Savchenko,B (2566) Taganrog 2018}) 8... O-O 9. Nc2 {White is slightly better.} d6 10. Ne3 Be6 11. Ned5 $146 ({Predecessor:} 11. a3 Qd7 12. Re1 Rab8 13. Rb1 a6 14. b4 cxb4 15. axb4 b5 16. cxb5 axb5 {1-0 (45) Troost,J (2135)-Van Damme,M Belgium 1997}) 11... Nh7 12. a3 Qd7 13. b4 Kh8 14. Rb1 Rab8 15. b5 (15. Qa4 $16) 15... Nd8 16. b6 a6 17. f4 Nc6 18. e3 Bg4 19. Qd2 Rbe8 20. Bb2 f5 21. Nd1 ({White should try} 21. Nc7) 21... g5 22. Nf2 Bh5 23. Rbe1 Nf6 24. fxg5 hxg5 25. Nxf6 Bxf6 26. g4 fxg4 27. Ne4 Bd8 28. Rxf8+ Rxf8 29. Rf1 Rxf1+ 30. Bxf1 Bg6 31. Qg2 Bxb6 32. Be2 Bd8 33. Bxg4 Qe7 34. Qh3+ Kg7 35. Bf5 Bxf5 36. Qxf5 Kh6 (36... Qc7 $11) 37. Kg2 $14 Kg7 38. Qg4 b5 39. Qc8 $36 {[%mdl 2048] White is more active.} Na5 (39... Qc7 $11 {keeps the balance.} 40. Qxa6 b4) 40. Qxa6 $16 {[%mdl 64] Double Attack} bxc4 41. dxc4 ({Much worse is} 41. Nxd6 $6 Qe6 $11) 41... Kh7 {[#]} (41... g4 $16) 42. Bc3 $1 $18 (42. Nxd6 Qe6 $14) ({And not} 42. Qxd6 Nxc4 43. Qxe7+ Bxe7 $11) 42... Nb7 43. Qc6 Kg6 44. Ng3 Ba5 (44... Qf7 {was necessary.} 45. Qe4+ Kf6) 45. Qe4+ Kf6 46. Qf3+ Kg6 47. Qh5+ Kf6 48. Qh6+ Kf7 49. Nf5 {White threatens Qg7+ and mate.} Qf6 50. Qh7+ Kf8 51. e4 ({Less strong is} 51. Qxb7 Qxf5 52. Bxa5 e4 $18) 51... Qf7 (51... Bxc3 $142 52. Qxb7 g4 53. Qa8+ Kf7) 52. Qh8+ Qg8 53. Qh6+ Ke8 54. Bxa5 Qxc4 55. Qh8+ Kd7 56. Qg7+ Kc6 {[#]} 57. Qc7+ (57. Qxb7+ $142 $1 {[%mdl 512]} Kxb7 58. Nxd6+ {[%mdl 64] Double Attack} Kc6 59. Nxc4 Kd7 60. Bd2 Kc6 61. Bxg5 Kb5 62. Nxe5) 57... Kb5 58. Qxb7+ Ka4 59. Be1 Qe2+ 60. Bf2 g4 61. Ne3 {White mates.} Kxa3 62. Qa7+ Kb2 63. Qb6+ Kc1 64. Qxd6 Qf3+ {[#]} 65. Kg1 $1 {Accuracy: White = 57%, Black = 31%.} 1-0

[Event "37th Andorra Open 2019"]
[Site "Caldea"]
[Date "2019.07.31"]
[Round "3.4"]
[White "Cuartas, Jaime Alexander"]
[Black "Kirk, Ezra"]
[Result "0-1"]
[WhiteElo "2542"]
[BlackElo "2420"]
[Annotator "TA"]
[PlyCount "104"]
[EventDate "2018.07.21"]
[EventType "swiss"]
[EventCountry "AND"]

{[%evp 20,104,-8,0,0,0,0,0,0,-17,-25,-41,-25,-37,29,-21,-21,-18,0,-14,-12,-15,-7,-15,7,-14,0,0,0,0,0,-1,10,9,14,0,0,0,0,-10,0,0,10,14,22,0,0,0,8,0,12,0,0,0,0,0,0,0,14,12,10,-8,-8,-8,-8,-73,-77,-84,-34,-45,-33,-134,-119,-129,-118,-101,0,-111,-111,-685,-462,-687,-685,-610,-583,-29992,-29993]} 1. d4 Nf6 2. Nf3 c5 3. e3 g6 4. c4 Bg7 5. Nc3 O-O 6. Be2 cxd4 7. exd4 d5 8. h3 Nc6 9. O-O dxc4 10. Bxc4 Na5 11. Bd3 Be6 {D94: Grünfeld: 4 Nf3 Bg7 5 e3} 12. Re1 Nc6 (12... Rc8 13. Bg5 Re8 14. Rc1 Nd5 15. Bb5 Nc6 16. Ne4 h6 17. Bh4 Qb6 18. Bxc6 Rxc6 19. Nc5 {0-1 (39) Popov,V (2532)-Dimitrov,R (2534) Skopje 2018}) 13. Bc2 Nd5 $146 {The position is equal.} ({Predecessor:} 13... Qd6 14. Bg5 Rac8 15. Bb3 Bxb3 16. Qxb3 h6 17. Bxf6 Bxf6 18. Ne4 Nxd4 19. Nxf6+ exf6 20. Nxd4 Qxd4 {½-½ (29) Biedermann,K (2152)-Albano,A (2281) ICCF email 2013}) 14. a3 Rc8 15. Bg5 Nxc3 16. bxc3 Qa5 (16... Na5 $15) 17. Bd2 (17. Rxe6 $5 fxe6 18. Bb3 $11) 17... Bc4 18. Be4 e6 19. Qc1 Ba6 20. a4 Qc7 21. Bf4 Qa5 22. Bd2 Qc7 23. Bxc6 Qxc6 24. Ra3 Qd5 25. Bh6 f6 26. Bxg7 Kxg7 27. Nh2 b6 28. Ng4 Bb7 {[%csl Gb7][%cal Rd5g2]} 29. f3 g5 30. a5 b5 31. a6 Ba8 32. Qb2 Rb8 33. Rb3 Rb6 34. Ne3 Qd7 $1 35. c4 Rfb8 36. cxb5 Rxb5 37. Rxb5 Rxb5 38. Qa3 Kf7 39. Qd3 Kg7 $1 40. Ng4 Rd5 41. Qe3 h5 42. Nf2 (42. Qxe6 $11 {keeps the balance.} Qxe6 43. Rxe6) 42... Rxd4 $17 43. Rb1 e5 44. Rb8 Bc6 45. Qa3 (45. Qc3 $1 $15) 45... Qd6 $1 {[%cal Rd6a3]} ({Reject} 45... Qf7 $6 46. Qc5 $15) 46. Qb3 {White wants to mate with Rg8+.} Bd5 47. Qb5 {[#]} e4 ({Black should play} 47... Rd2 $1 $17 {Threatens to win with ...Bc6.} 48. Rc8 {[#]} e4 $1 {[%mdl 512]} 49. fxe4 Ra2) 48. fxe4 (48. Qe8 $1 $11 Rc4 49. Nxe4 Rc1+ 50. Kf2) 48... Rc4 $36 {[%mdl 2048] Black is on the roll.} 49. Qb2 $2 {[%mdl 8192]} (49. Rb7+ $17 Bxb7 50. Qxc4 Qxa6 51. Qc7+ Kg6 52. Kh2) 49... Qc7 {...Rc1+ is the strong threat.} 50. e5 (50. Nd3 $142 Bxe4 51. Rb7 Bxb7 52. axb7) 50... Rc1+ $19 51. Kh2 {Black must now prevent Rb7!} Rc2 52. Qb4 {And now Qf8+ would win.} Qxe5+ 0-1

[Event "37th Andorra Open 2019"]
[Site "Caldea"]
[Date "2019.07.31"]
[Round "3.5"]
[White "Suarez Uriel, Adrian"]
[Black "Kogan, Arthur"]
[Result "0-1"]
[WhiteElo "2392"]
[BlackElo "2535"]
[Annotator "TA"]
[PlyCount "70"]
[EventDate "2018.07.21"]
[EventType "swiss"]
[EventCountry "AND"]

{[%evp 9,70,12,11,10,4,-30,122,120,110,122,114,107,116,114,113,114,106,87,99,99,175,174,185,166,216,216,206,203,300,214,216,216,224,229,222,224,213,222,213,228,211,227,244,243,234,231,239,237,233,241,232,220,249,209,284,281,316,315,333,310,328,-29997,-29998]} 1. e4 c5 2. Nf3 d6 3. Nc3 Nf6 4. e5 dxe5 5. Nxe5 a6 6. g3 {B50: Sicilian: 2...d6, Miscellaneous} Qd6 (6... Qc7 7. d4 cxd4 8. Qxd4 Nc6 9. Nxc6 Qxc6 10. Bg5 Qd7 11. Bxf6 gxf6 12. Nd5 Bh6 13. Rd1 Qe6+ {0-1 (35) Mamedov,R (2703)-Saric,I (2695) St Petersburg 2018}) 7. Qe2 Nbd7 $146 ({Black should try} 7... Nc6 $11 8. f4 Nd4 {[%mdl 64] Double Attack}) ({Predecessor:} 7... Nc6 8. Nxc6 Qxc6 9. Rg1 Bg4 10. Bg2 Qxg2 11. Rxg2 Bxe2 12. Kxe2 O-O-O 13. a4 Nd5 {0-1 (41) Karthik,V (2514)-Tomczak,J (2600) Suwalki 2018}) 8. Nc4 $1 $16 {[%cal Rc4d6] White is better.} Qc6 9. Rg1 $1 Nb6 10. Bg2 Qc7 {[#]} 11. d3 $1 $36 {[%mdl 2048] Threatens to win with Bf4. White is really pushing.} Nxc4 12. dxc4 e6 13. Bf4 Bd6 14. Qe3 e5 (14... O-O $16 {might work better.}) 15. O-O-O $18 Ng4 16. Qe2 O-O {[#]} 17. Bg5 $1 f6 18. Bd2 Be6 (18... f5 {was called for.} 19. Nd5 Qd8) 19. Bd5 Qf7 20. h3 Bxd5 21. Nxd5 Nh6 22. Bxh6 gxh6 23. Ne3 Rfd8 {[#]} 24. Rxd6 $1 {[%mdl 512]} Rxd6 25. Nf5 $1 {[%csl LRd6,LRh6][%mdl 64] Double Attack} Qd7 26. Qg4+ ({Resist} 26. Nxd6 $6 Qxd6 27. Qg4+ Kh8 $16) 26... Kh8 27. Nxd6 Qxd6 {[%mdl 4096] Endgame KQR-KQR} 28. Rd1 Qc6 29. Qh5 Qe6 30. Qxh6 b5 31. Rd3 e4 32. Rd5 bxc4 33. Rxc5 {White threatens Rc7 and mate.} Qd6 {...Rd8 is the strong threat.} 34. Rxc4 Rd8 {[%csl Gd8][%cal Rd6d1]} 35. b3 $4 {[%mdl 8192]} ({Wrong is} 35. Kb1 $2 Qd1+ 36. Qc1 Qe2 $19) (35. b4 $18) 35... Qa3+ 0-1

[Event "37th Andorra Open 2019"]
[Site "Caldea"]
[Date "2019.07.30"]
[Round "3.6"]
[White "Rendle, Thomas E"]
[Black "Arizmendi Martinez, Julen Luis"]
[Result "1/2-1/2"]
[WhiteElo "2372"]
[BlackElo "2512"]
[Annotator "ChessBase"]
[PlyCount "28"]
[EventDate "2018.07.21"]
[EventType "swiss"]
[EventCountry "AND"]
[TimeControl "40/5400+30:1800+30"]

1. e4 {[%emt 0:00:00]} e6 {[%emt 0:01:20]} 2. d4 {[%emt 0:00:00]} d5 {[%emt 0:00:07]} 3. e5 {[%emt 0:00:02]} c5 {[%emt 0:01:57]} 4. c3 {[%emt 0:00:10]} Qb6 {[%emt 0:04:00]} 5. Nf3 {[%emt 0:03:53]} Nc6 {[%emt 0:00:09]} 6. a3 {[%emt 0:00:47]} c4 {[%emt 0:01:10]} 7. Nbd2 {[%emt 0:00:14]} Na5 {[%emt 0:00:49]} 8. Be2 {[%emt 0:00:18]} Bd7 {[%emt 0:03:01]} 9. O-O {[%emt 0:01:36]} Ne7 {[%emt 0:02:47]} 10. Rb1 {[%emt 0:00:33]} Qc7 {[%emt 0:02:38]} 11. Ne1 {[%emt 0:02:21]} Nc8 {[%emt 0:10:54]} 12. f4 {[%emt 0:01:09]} Nb6 {[%emt 0:00:39]} 13. Bg4 {[%emt 0:00:24]} g6 {[%emt 0:02:02]} 14. Ndf3 {[%emt 0:01:40]} Be7 {[%emt 0:23:10]} 1/2-1/2

[Event "37th Andorra Open 2019"]
[Site "Caldea"]
[Date "2019.07.31"]
[Round "3.7"]
[White "Stella, Andrea"]
[Black "Hansen, Mads"]
[Result "1/2-1/2"]
[WhiteElo "2511"]
[BlackElo "2406"]
[Annotator "RC"]
[PlyCount "88"]
[EventDate "2018.07.21"]
[EventType "swiss"]
[EventCountry "AND"]
[TimeControl "40/5400+30:1800+30"]

1. d4 {[%emt 0:00:00]} Nf6 {[%emt 0:00:00]} 2. c4 {[%emt 0:00:00]} e6 {[%emt 0:00:00]} 3. Nf3 {[%emt 0:00:00]} b6 {[%emt 0:00:39]} 4. g3 {[%emt 0:00:17]} Ba6 {[%emt 0:00:15]} 5. b3 {[%emt 0:00:07]} b5 {[%emt 0:01:28]} 6. cxb5 {[%emt 0:01:19]} Bxb5 {[%emt 0:00:02]} 7. Bg2 {[%emt 0:00:09]} d5 {[%emt 0:03:40]} 8. O-O {[%emt 0:00:19]} Nbd7 {[%emt 0:01:12]} 9. Ba3 {[%emt 0:05:55]} Bxa3 {[%emt 0:10:58]} 10. Nxa3 {[%emt 0:00:04]} Ba6 {[%emt 0:00:02]} 11. Rc1 {[%emt 0:17:49]} O-O {[%emt 0:05:26]} 12. Rc6 {[%emt 0:04:23]} Bb7 {[%emt 0:07:04]} 13. Rc2 {[%emt 0:00:07]} Qe7 {[%emt 0:06:03]} 14. Rxc7 {[%emt 0:32:21]} Qxa3 {[%emt 0:00:26]} 15. Rxb7 {[%emt 0:00:05]} Qxa2 {[%emt 0:05:37]} 16. Ne5 {[%emt 0:01:18]} Nxe5 {[%emt 0:04:20]} 17. dxe5 {[%emt 0:00:04]} Qa6 {[%emt 0:00:28]} 18. Rb4 {[%emt 0:02:54]} Nd7 {[%emt 0:01:48]} 19. e4 {[%emt 0:01:06]} Nxe5 {[%emt 0:02:03]} 20. exd5 {[%emt 0:01:38]} Qd6 {[%emt 0:11:14]} 21. Re4 {[%emt 0:13:15]} exd5 {[%emt 0:01:36]} 22. Rd4 {[%emt 0:00:14]} Rad8 {[%emt 0:03:38]} 23. Rxd5 {[%emt 0:00:16]} Qc7 {[%emt 0:00:05]} 24. Re1 {[%emt 0:08:28]} Ng6 {[%emt 0:03:24]} 25. h4 {[%emt 0:00:56]} Ne7 {[%emt 0:01:18]} 26. Rxd8 {[%emt 0:00:05]} Rxd8 {[%emt 0:00:02]} 27. Qe2 {[%emt 0:00:05]} Kf8 {[%emt 0:00:21]} 28. Be4 {[%emt 0:02:17]} h6 {[%emt 0:04:00]} 29. Bd3 {[%emt 0:03:58]} Qb7 {[%emt 0:06:36]} 30. Bb5 {[%emt 0:02:35]} a5 {[%emt 0:07:33]} 31. Qe3 {[%emt 0:02:09]} Rd6 {[%emt 0:02:48]} 32. Bc4 {[%emt 0:00:04]} Rf6 {[%emt 0:02:23]} 33. Re2 {[%emt 0:01:23]} Rd6 {[%emt 0:03:28]} 34. Re1 {[%emt 0:00:02]} Qc7 {[%emt 0:02:26]} 35. Qe4 {[%emt 0:00:45]} Rd2 {[%emt 0:00:57]} 36. Qe3 {[%emt 0:00:48]} Qd7 {[%emt 0:01:23]} 37. Qf4 {[%emt 0:00:27]} Ng6 {[%emt 0:01:18]} 38. Qb8+ {[%emt 0:00:22]} Qd8 {[%emt 0:00:01]} 39. Qxd8+ {[%emt 0:00:34]} Rxd8 {[%emt 0:00:01]} 40. Ra1 {[%emt 0:00:00]} Ra8 {[%emt 0:00:00]} 41. Bd5 {[%emt 0:00:52]} Ra7 {[%emt 0:04:22]} 42. b4 {[%emt 0:03:26]} Ne7 {[%emt 0:01:20]} 43. Bb3 {[%emt 0:01:18]} Nc6 {[%emt 0:02:05]} 44. bxa5 {[%emt 0:00:23]} Nxa5 {[%emt 0:01:53]} 1/2-1/2

[Event "37th Andorra Open 2019"]
[Site "Caldea"]
[Date "2019.07.30"]
[Round "3.8"]
[White "Van der Lende, Ilias"]
[Black "Asis Gargatagli, Hipolito"]
[Result "1/2-1/2"]
[WhiteElo "2350"]
[BlackElo "2506"]
[Annotator "ChessBase"]
[PlyCount "83"]
[EventDate "2018.07.21"]
[EventType "swiss"]
[EventCountry "AND"]
[TimeControl "40/5400+30:1800+30"]

1. d4 {[%emt 0:00:00]} Nf6 {[%emt 0:04:28]} 2. Nf3 {[%emt 0:00:00]} g6 {[%emt 0:00:43]} 3. g3 {[%emt 0:02:00]} Bg7 {[%emt 0:01:27]} 4. Bg2 {[%emt 0:00:06]} d5 {[%emt 0:02:53]} 5. O-O {[%emt 0:00:11]} Nbd7 {[%emt 0:03:45]} 6. c4 {[%emt 0:03:38]} dxc4 {[%emt 0:00:21]} 7. Nbd2 {[%emt 0:01:02]} Nb6 {[%emt 0:00:24]} 8. e4 {[%emt 0:06:43]} c6 {[%emt 0:18:13]} 9. a4 {[%emt 0:04:04]} a5 {[%emt 0:02:17]} 10. Qc2 {[%emt 0:00:09]} O-O {[%emt 0:16:42]} 11. Re1 {[%emt 0:01:05]} Be6 {[%emt 0:17:06]} 12. Bf1 {[%emt 0:00:38]} Bg4 {[%emt 0:00:34]} 13. h3 {[%emt 0:04:16]} Be6 {[%emt 0:01:42]} 14. Ng5 {[%emt 0:04:36]} Bc8 {[%emt 0:04:35]} 15. Nxc4 {[%emt 0:03:33]} Nxc4 {[%emt 0:00:26]} 16. Qxc4 {[%emt 0:00:08]} h6 {[%emt 0:02:31]} 17. Nf3 {[%emt 0:00:06]} Be6 {[%emt 0:02:20]} 18. Qc2 {[%emt 0:01:14]} Qb6 {[%emt 0:00:07]} 19. Be3 {[%emt 0:02:41]} Qb3 {[%emt 0:02:04]} 20. Qb1 {[%emt 0:00:52]} Rfd8 {[%emt 0:00:36]} 21. Rc1 {[%emt 0:33:46]} Ne8 {[%emt 0:01:23]} 22. Ra3 {[%emt 0:04:25]} Qb4 {[%emt 0:00:08]} 23. Ne1 {[%emt 0:00:22]} Qd6 {[%emt 0:03:44]} 24. Rd3 {[%emt 0:00:51]} Qd7 {[%emt 0:00:39]} 25. Kh2 {[%emt 0:00:59]} Nd6 {[%emt 0:01:50]} 26. Rd2 {[%emt 0:00:41]} Bb3 {[%emt 0:03:27]} 27. g4 {[%emt 0:03:59]} Bxa4 {[%emt 0:05:32]} 28. e5 {[%emt 0:00:05]} Ne8 {[%emt 0:00:40]} 29. Bd3 {[%emt 0:06:05]} Bb3 {[%emt 0:01:48]} 30. f4 {[%emt 0:00:37]} Nc7 {[%emt 0:00:22]} 31. Ng2 {[%emt 0:03:51]} Nd5 {[%emt 0:00:26]} 32. Be4 {[%emt 0:00:04]} a4 {[%emt 0:00:19]} 33. Qd3 {[%emt 0:01:48]} b5 {[%emt 0:00:10]} 34. Bf2 {[%emt 0:01:02]} Nb4 {[%emt 0:01:45]} 35. Qf3 {[%emt 0:03:38]} Bd5 {[%emt 0:00:04]} 36. Ne3 {[%emt 0:00:37]} a3 {[%emt 0:01:10]} 37. Bxd5 {[%emt 0:02:24]} cxd5 {[%emt 0:00:46]} 38. bxa3 {[%emt 0:03:32]} Rxa3 {[%emt 0:00:05]} 39. Qe2 {[%emt 0:00:25]} Nc6 {[%emt 0:00:56]} 40. Rc5 {[%emt 0:00:00]} e6 {[%emt 0:00:00]} 41. Qxb5 {[%emt 0:02:28]} Ne7 {[%emt 0:02:21]} 42. Qb6 {[%emt 0:05:44]} 1/2-1/2

[Event "37th Andorra Open 2019"]
[Site "Caldea"]
[Date "2019.07.30"]
[Round "4.1"]
[White "Lagarde, Maxime"]
[Black "Ochsner, Bjorn Moller"]
[Result "1-0"]
[WhiteElo "2597"]
[BlackElo "2483"]
[Annotator "ChessBase"]
[PlyCount "77"]
[EventDate "2018.07.21"]
[EventType "swiss"]
[EventCountry "AND"]
[SourceTitle "playchess.com"]
[Source "ChessBase"]
[SourceQuality "1"]
[TimeControl "40/5400+30:1800+30"]

1. e4 {[%emt 0:00:00]} e5 {[%emt 0:00:00]} 2. Nc3 {[%emt 0:00:19]} Nf6 {[%emt 0:00:00]} 3. f4 {[%emt 0:00:05]} d5 {[%emt 0:00:27]} 4. fxe5 {[%emt 0:00:05]} Nxe4 {[%emt 0:00:13]} 5. Qf3 {[%emt 0:00:05]} Nxc3 {[%emt 0:03:25]} 6. dxc3 {[%emt 0:00:05]} Be6 {[%emt 0:21:43]} 7. Qg3 {[%emt 0:05:02]} c5 {[%emt 0:09:22]} 8. Bb5+ {[%emt 0:03:53]} Nc6 {[%emt 0:01:43]} 9. Bxc6+ {[%emt 0:02:29]} bxc6 {[%emt 0:00:02]} 10. Ne2 {[%emt 0:02:53]} Be7 {[%emt 0:07:03]} 11. Qxg7 {[%emt 0:06:16]} Kd7 {[%emt 0:00:07]} 12. Nf4 {[%emt 0:02:46]} Rg8 {[%emt 0:02:24]} 13. Qxh7 {[%emt 0:00:33]} Qc7 {[%emt 0:07:07]} 14. O-O {[%emt 0:00:35]} Qxe5 {[%emt 0:01:57]} 15. Nxe6 {[%emt 0:01:43]} fxe6 {[%emt 0:08:41]} 16. Bf4 {[%emt 0:01:19]} Qe2 {[%emt 0:01:59]} 17. Rf2 {[%emt 0:08:17]} Qg4 {[%emt 0:01:01]} 18. h3 {[%emt 0:00:25]} Qh4 {[%emt 0:03:53]} 19. Qxh4 {[%emt 0:00:41]} Bxh4 {[%emt 0:00:02]} 20. Rf3 {[%emt 0:00:18]} Raf8 {[%emt 0:04:50]} 21. Raf1 {[%emt 0:00:19]} Rf5 {[%emt 0:01:43]} 22. Be3 {[%emt 0:05:16]} Rxf3 {[%emt 0:00:21]} 23. Rxf3 {[%emt 0:00:03]} Kd6 {[%emt 0:03:14]} 24. b4 {[%emt 0:03:29]} cxb4 {[%emt 0:00:15]} 25. cxb4 {[%emt 0:00:04]} a6 {[%emt 0:06:35]} 26. Bc5+ {[%emt 0:00:30]} Ke5 {[%emt 0:00:33]} 27. Re3+ {[%emt 0:00:03]} Kf6 {[%emt 0:00:41]} 28. Bd4+ {[%emt 0:01:09]} Ke7 {[%emt 0:00:05]} 29. Bc5+ {[%emt 0:01:39]} Kd7 {[%emt 0:02:11]} 30. Ra3 {[%emt 0:00:21]} e5 {[%emt 0:03:27]} 31. Rxa6 {[%emt 0:00:21]} d4 {[%emt 0:02:04]} 32. a4 {[%emt 0:01:35]} Rg3 {[%emt 0:03:40]} 33. b5 {[%emt 0:03:58]} cxb5 {[%emt 0:01:14]} 34. axb5 {[%emt 0:03:24]} Re3 {[%emt 0:01:41]} 35. Ra7+ {[%emt 0:01:47]} Kc8 {[%emt 0:01:20]} 36. Bb4 {[%emt 0:10:12]} Re2 {[%emt 0:01:52]} 37. b6 {[%emt 0:00:50]} Bg3 {[%emt 0:00:38]} 38. Rg7 {[%emt 0:00:55]} Rxc2 {[%emt 0:00:48]} 39. b7+ {[%emt 0:00:06]} 1-0

[Event "37th Andorra Open 2019"]
[Site "Caldea"]
[Date "2019.07.30"]
[Round "4.2"]
[White "Kogan, Arthur"]
[Black "Roselli Mailhe, Bernardo"]
[Result "1/2-1/2"]
[WhiteElo "2535"]
[BlackElo "2471"]
[Annotator "TA"]
[PlyCount "147"]
[EventDate "2018.07.21"]
[EventType "swiss"]
[EventCountry "AND"]
[SourceTitle "playchess.com"]
[Source "ChessBase"]
[SourceQuality "1"]

{[%evp 11,147,33,52,39,54,29,26,34,34,46,35,24,32,24,75,68,72,77,70,62,104,118,109,103,94,92,95,95,97,101,99,69,71,71,70,70,70,0,0,0,-8,-8,-4,-58,-23,-54,-37,-44,-29,-42,-41,-51,-44,-31,-30,-74,-47,-78,0,0,0,0,0,-243,0,0,0,-534,-517,-436,0,0,0,0,0,0,0,0,0,0,0,0,0,0,0,0,8,8,8,8,210,194,194,167,118,0,0,0,0,0,0,0,0,0,11,8,8,8,8,8,8,8,8,8,8,0,0,0,0,0,0,0,8,8,8,8,8,8,8,8,8,8,8,8,8,0,0,0]} 1. d4 Nf6 2. c4 g6 3. Nc3 Bg7 4. e4 d6 5. Bg5 O-O 6. Qd2 Na6 {[%cal Bb8a6,Ba6c7,Bc7e6][%mdl 32]} 7. Rd1 {E70: King's Indian: Miscellaneous lines with 4 e4, including 5 Nge2 and 5 Bd3 0-0 6 Nge2} (7. f3 e5 8. Nge2 c6 9. O-O-O Be6 10. d5 cxd5 11. Nxd5 Bxd5 12. cxd5 Nc5 13. Kb1 Rc8 14. g4 b5 {½-½ (23) Stocek,J (2576)-Demchenko,A (2679) Skopje 2018}) 7... c6 8. Be2 Nc7 9. Bf3 {White has an edge.} Qe8 10. Nge2 e5 11. O-O $146 ({Predecessor:} 11. dxe5 dxe5 12. O-O Ne6 13. Be3 b6 14. Qd6 Ba6 15. b3 c5 {½-½ (142) Janiashvili,M (2081)-Martynkova,O (2188) Porto Carras 2018}) 11... Ne6 12. Be3 exd4 (12... c5 $11 {remains equal.} 13. dxe5 dxe5) 13. Nxd4 $16 Nc5 {[%cal Rf6e4] [#]} 14. e5 $1 {[%cal Re5f6]} dxe5 15. Nxc6 $1 {[%mdl 64] Discovered Attack} Nce4 16. Nxe4 ({Don't play} 16. Bxe4 $6 Nxe4 17. Ne7+ (17. Nxe4 Qxc6 18. Qd5 Qxd5 $11) 17... Qxe7 $11) 16... Qxc6 17. Qd6 Qxd6 18. Nxd6 Bg4 19. Bxb7 Bxd1 20. Bxa8 Be2 21. Bb7 Bxf1 22. Kxf1 Rd8 23. c5 Ng4 24. Nc4 (24. Ke2 $14 Bf8 25. Ne4 Nxe3 26. fxe3) 24... Nxe3+ $11 ({But not} 24... Nxh2+ $2 25. Ke2 $18) 25. fxe3 {[%mdl 4096] Endgame Threatens to win with c6. KRB-KBN} Rd1+ $1 26. Ke2 $1 {[%cal Re2d1]} Rc1 27. Ba6 ({White should play} 27. b3 $11 Bf6 28. Bd5) 27... Bf6 $1 $15 28. Kd2 Rg1 29. Bb7 Kf8 30. b4 Ra1 31. a3 Bd8 32. Kc2 f5 33. b5 e4 34. g3 Be7 ({Better is} 34... Rh1 $17 35. h4 Rg1) 35. c6 $11 Bd8 36. Kb2 $1 {[%cal Rb2a1]} Rh1 37. Kb3 $2 (37. a4 $11) 37... Rxh2 $2 (37... Rb1+ $19 38. Ka4 Bc7) 38. a4 Rh1 {aiming for ...Rb1+.} 39. a5 $2 {[%mdl 8192]} (39. Kb2 $1 $11 {and White has nothing to worry.}) 39... Rb1+ $19 40. Ka4 {intending Na3.} Ke7 $2 (40... Be7 $19 41. b6 Rb4+ {[%mdl 64] Double Attack} 42. Ka3 Rxb6+ {[%mdl 64] Discovered Attack} 43. Ka2 Rb4) 41. Na3 $11 Ra1 {[#]} (41... Rb2 $5) 42. b6 $1 {[%cal Rb6a7][%mdl 512]} axb6 {[%cal Ba7b6,Bb6b5,Bb5b4][%mdl 32]} 43. a6 Bc7 44. a7 {[#]} b5+ $1 45. Kb3 (45. Kxb5 Rxa3) 45... b4 $1 46. Nb5 Bxg3 47. a8=Q ({Avoid the trap} 47. Kxb4 $2 h5 $19) 47... Rxa8 48. Bxa8 Kd8 49. Nd4 h5 50. Ne6+ Kc8 $2 (50... Ke7 $11 {and Black is okay.} 51. Ng5 Kf6 52. Nh7+ Kg7) 51. Bb7+ Kb8 52. Kxb4 h4 53. Ba6 ({White must play} 53. Kc5 $16 {White threatens Kb6 and mate.} Bc7 54. Ng5) 53... h3 {The position is equal.} 54. Bf1 h2 55. Bg2 {Hoping for Kc4.} Bf2 56. Nf4 Bxe3 57. Nxg6 Kc7 58. Kb5 Bg5 $1 59. Nf8 {Ne6+ is the strong threat.} Kd6 60. c7 {[%mdl 64] Decoy} Kxc7 61. Ne6+ $1 Kd6 62. Nxg5 {Black must now prevent Kc4.} Ke5 $132 {[%mdl 2048] Black is fighting back} 63. Kc4 {And now Nh3 would win.} Kf4 64. Ne6+ Kg3 65. Bh1 Kf2 {Strongly threatening ...Kg1.} 66. Nf4 $1 Kg1 67. Bg2 h1=Q 68. Bxh1 Kxh1 {KN-KPP} 69. Kd4 Kg1 70. Ke3 Kf1 71. Ne2 f4+ 72. Nxf4 Ke1 73. Nd3+ exd3 74. Kxd3 {Accuracy: White = 66%, Black = 70%.} 1/2-1/2